Central Library OPAC University of Rajshahi

The temptations of Big Bear / (Record no. 63199)

MARC details
000 -LEADER
fixed length control field 00872nam a2200289 a 4500
001 - CONTROL NUMBER
control field 63199
003 - CONTROL NUMBER IDENTIFIER
rucl marc code BD-RjUL
005 - DATE AND TIME OF LATEST TRANSACTION
control field 20211209081153.0
008 - FIXED-LENGTH DATA ELEMENTS--GENERAL INFORMATION
fixed length control field 170129s1973 oncb 000 1deng d
020 ## - INTERNATIONAL STANDARD BOOK NUMBER
International Standard Book Number 0771089856
035 ## - SYSTEM CONTROL NUMBER
System control number (BD-RjUL)63327
040 ## - CATALOGING SOURCE
Original cataloging agency DLC
Transcribing agency DLC
Modifying agency DLC
-- BD-RjUL
Language of cataloging eng
041 ## - LANGUAGE CODE
Language code of text/sound track or separate title eng
082 00 - DEWEY DECIMAL CLASSIFICATION NUMBER
Classification number 813
Edition number 23
Author mark and year WIT 1973
100 1# - MAIN ENTRY--PERSONAL NAME
Personal name Wiebe, Rudy
Dates associated with a name 1934-
9 (RLIN) 188095
245 14 - TITLE STATEMENT
Title The temptations of Big Bear /
Statement of responsibility, etc. Rudy Wiebe
260 ## - PUBLICATION, DISTRIBUTION, ETC. (IMPRINT)
Place of publication, distribution, etc. Toronto :
Name of publisher, distributor, etc. McClelland and Stewart,
Date of publication, distribution, etc. 1973`.
300 ## - PHYSICAL DESCRIPTION
Pagination 415 p. :
Illustrations ill. ;
Size 22 cm.
350 ## - PRICE (NR) (BK AM CF MU VM SE) [OBSOLETE]
Price $8.95
600 00 - SUBJECT ADDED ENTRY--PERSONAL NAME
Personal name Big Bear
Titles and other words associated with a name (Cree chief)
650 #0 - SUBJECT ADDED ENTRY--TOPICAL TERM
Topical term or geographic name as entry element Cree Indians
Form subdivision Fiction.
9 (RLIN) 188097
651 #0 - SUBJECT ADDED ENTRY--GEOGRAPHIC NAME
Geographic name Canada, Western
Form subdivision Fiction.
9 (RLIN) 188098
942 ## - ADDED ENTRY ELEMENTS (KOHA)
Source of classification or shelving scheme Dewey Decimal Classification
Koha item type Books
Holdings
Lost status Source of classification or shelving scheme Damaged status Not for loan Collection code Permanent Location Current Location Shelving location Date acquired Total Checkouts Full call number Date last seen Copy number Koha item type
  Dewey Decimal Classification   Not For Loan Fiction Central Library, University of Rajshahi Central Library, University of Rajshahi Reading Room 10/02/1991   813 WIT 1973 29/01/2017 C-1 Books